LEADER 04587nam 22007935 450 001 9911020147203321 005 20250825103159.0 010 $a1-118-66908-8 010 $a3-642-45574-3 024 7 $a10.1007/978-3-642-45574-2 035 $a(CKB)3400000000103016 035 $a(SSID)ssj0000904865 035 $a(PQKBManifestationID)11539864 035 $a(PQKBTitleCode)TC0000904865 035 $a(PQKBWorkID)10924583 035 $a(PQKB)10671129 035 $a(DE-He213)978-3-642-45574-2 035 $a(MiAaPQ)EBC3088321 035 $a(MiAaPQ)EBC6572844 035 $a(Au-PeEL)EBL6572844 035 $a(NjHacI)993400000000103016 035 $a(BIP)014342231 035 $a(PPN)190130571 035 $a(OCoLC)811853710 035 $a(EXLCZ)993400000000103016 100 $a20121227d1984 u| 0 101 0 $aeng 135 $aurnn|008mamaa 181 $ctxt 182 $cc 183 $acr 200 10$aOsmoregulation in Estuarine and Marine Animals $eProceedings of the Invited Lectures to a Symposium Organized within the 5th Conference of the European Society for Comparative Physiology and Biochemistry - Taormina, Sicily, Italy, September 5?8, 1983 /$fedited by A. Pequeux, R. Gilles, L. Bolis 205 $a1st ed. 1984. 210 1$aBerlin, Heidelberg :$cSpringer Berlin Heidelberg :$cImprint: Springer,$d1984. 215 $a1 online resource (X, 222 p.) 225 1 $aCoastal and Estuarine Studies ;$v9 300 $aBibliographic Level Mode of Issuance: Monograph 311 08$a3-540-13353-4 320 $aIncludes bibliographical references and index. 327 $aI Physiological and Ultrastructural Aspects of ?Salt-Transporting Tissues? Studies -- Homeostatic Function of Integuments and Nephridia in Annelids -- Control of the Extracellular Fluid Osmolality in Crustaceans -- Osmotic and Ionic Regulation in Saline Water Mosquito Larvae -- Chloride Secretion by the Chloride Cells of the Isolated Opercular Epithelium of Marine Fish -- Control of the Blood Osmolarity in Fishes, With Reference to the Functional Anatomy of the Gut -- Transport Properties of Fish Urinary Bladders in Relation to Osmoregulation -- The Contrasting Roles of the Salt Glands, The Integument and Behavior in Osmoregulation of Marine Reptiles -- Regulation of NaCl and Water Absorption in Duck Intestine -- II Biophysical and Biochemical Aspects of ?Salt-Transporting Tissues? Studies -- Cellular Energy Metabolism and its Regulation in Gills of Fish and Crustacea -- Regulatory Functions of Na++K+-Atpase in Marine and Estuarine Animals -- Ultrastructural Localization of Na++K+-Atpase in Specialized Membranes of Salt Transporting Cells in Marine Vertebrates -- Models of Salt and Water Flow Across Epithelia: An Evaluation by Electron Probe X-Ray Microanalysis -- Taxonomic Index. 330 $aPublished by the American Geophysical Union as part of the Lecture Notes on Coastal and Estuarine Studies Series, Volume 9.A wealth of information on osmotic and ionic reaulation in Estuarine and Marine Animals has been accumulated over the past decades. Beyond early studies of whole-animal responses to changes in environmental salinities, efforts have been made later on to identify, to localize and to characterize the organs and structures responsible for the control of the characteristics of the cell's environmental fluid. When considering the problem of cell volume control in animals facing media of fluctuating salinities, we are indeed dealing with two different categories of mechanisms. A first one is concerned with the control of the osmolality of the intracellular fluid, hence with the processes directly implicated in the maintenance of cell volume and shape. They have been extensively described in several recent review papers. 410 0$aCoastal and Estuarine Studies ;$v9 606 $aBiochemistry 606 $aEcology 606 $aZoology 606 $aCytology 606 $aBiochemistry 606 $aEcology 606 $aZoology 606 $aCell Biology 615 0$aBiochemistry. 615 0$aEcology. 615 0$aZoology. 615 0$aCytology. 615 14$aBiochemistry. 615 24$aEcology. 615 24$aZoology. 615 24$aCell Biology. 676 $a574.92 702 $aPequeux$b A. 702 $aGilles$b R. 702 $aBolis$b Liana 801 0$bMiAaPQ 801 1$bMiAaPQ 801 2$bMiAaPQ 906 $aBOOK 912 $a9911020147203321 996 $aOsmoregulation in estuarine and marine animals$9898434 997 $aUNINA